[Event "Montreal Mercredi 01"]
[Site "Montreal"]
[Date "2008.01.16"]
[Round "2"]
[White "Lemieux, Serge"]
[Black "Teasdale, Alain"]
[Result "1/2-1/2"]
[WhiteElo "1678"]
[BlackElo "1557"]
[PlyCount "128"]
[EventDate "2008.01.09"]
[EventType "tourn"]
[EventRounds "5"]
[EventCountry "CAN"]
[SourceTitle "EXT 2011"]
[Source "ChessBase"]
[SourceDate "2010.11.26"]
[SourceVersion "1"]
[SourceVersionDate "2010.11.26"]
[SourceQuality "1"]

1. d4 d5 2. c4 c6 3. Nc3 e5 4. dxe5 d4 5. Ne4 Qa5+ 6. Bd2 Qxe5 7. Ng3 Nf6 8. Nf3 Qd6 9. b4 Be7 10. c5 Qd5 11. Qb3 Qd8 12. Qd3 0-0 13. Nxd4 Re8 14. e3 Nbd7 15. Be2 Ne5 16. Qc2 h6 17. Rd1 Bd7 18. 0-0 Bf8 19. Ndf5 Bxf5 20. Nxf5 g6 21. Bc3 Qc7 22. Ng3 Bg7 23. Rd6 Nd5 24. Ne4 Nxc3 25. Nxc3 Rad8 26. Rfd1 Rxd6 27. Rxd6 Bf8 28. Rd4 Bg7 29. Re4 f5 30. Rh4 Qe7 31. Rh3 Qf6 32. Nb1 Nf7 33. Bc4 Kh7 34. f4 h5 35. Bxf7 Qxf7 36. g4 fxg4 37. Rxh5+ Bh6 38. Qd3 Qe6 39. Re5 Qf7 40. Rxe8 Qxe8 41. Nc3 Qe6 42. Ne4 Qf5 43. Nf2 Bg7 44. Qe2 Qb1+ 45. Kg2 Qxb4 46. Nd3 Qe4+ 47. Kg3 Bd4 48. Kxg4 Qxe3 49. Qxe3 Bxe3 50. h4 b6 51. cxb6 axb6 52. h5 gxh5+ 53. Kxh5 c5 54. f5 c4 55. Nb4 Bc5 56. Nc2 Kg7 57. Kg5 b5 58. a3 Kf7 59. Kf4 Bd6+ 60. Ke4 Kf6 61. Nd4 Bxa3 62. Nxb5 Bb2 63. Nd4 c3 64. Nc2 Bc1 1/2-1/2

[Event "Montreal Mercredi 10"]
[Site "Montreal"]
[Date "2007.10.10"]
[Round "1"]
[White "Casquero, Herberth"]
[Black "Teasdale, Alain"]
[Result "1-0"]
[WhiteElo "1522"]
[BlackElo "1528"]
[PlyCount "111"]
[EventDate "2007.10.10"]
[EventType "swiss"]
[EventRounds "5"]
[EventCountry "CAN"]
[SourceTitle "EXT 2022"]
[Source "ChessBase"]
[SourceDate "2021.10.06"]
[SourceVersion "1"]
[SourceVersionDate "2021.10.06"]
[SourceQuality "1"]

1. e4 c5 2. Nf3 Nc6 3. d4 cxd4 4. Nxd4 Nf6 5. Nc3 e6 6. Bc4 a6 7. Bg5 Be7 8. Qd2 d6 9. 0-0-0 Bd7 10. f4 Qc7 11. f5 Na5 12. fxe6 Nxc4 13. exd7+ Qxd7 14. Qe2 Rc8 15. Nf5 0-0 16. Rd4 b5 17. Rhd1 Rfd8 18. Nxe7+ Qxe7 19. Nd5 Qe6 20. Bxf6 gxf6 21. Qf2 Rc5 22. Qxf6 Qxf6 23. Nxf6+ Kg7 24. Nd5 a5 25. b3 Na3 26. c3 b4 27. Kb2 Nb5 28. cxb4 axb4 29. Rxb4 Rdc8 30. Rd2 Nc3 31. Nxc3 Rxc3 32. a4 R3c6 33. Rbd4 Re8 34. a5 Kf6 35. Rxd6+ Rxd6 36. Rxd6+ Ke5 37. Rd2 Rc8 38. Rc2 Ra8 39. b4 Kxe4 40. Rc7 Rb8 41. Kc3 f5 42. a6 Rb6 43. a7 Ra6 44. b5 Ra3+ 45. Kb4 Ra2 46. Rxh7 f4 47. b6 Rb2+ 48. Kc5 Rc2+ 49. Kd6 Ra2 50. Kc7 Ke3 51. Kb8 Kf2 52. g4 Kg2 53. a8Q+ Rxa8+ 54. Kxa8 f3 55. b7 f2 56. Rf7 1-0